000 02301cam a22003614a 4500
001 13545191
003 OSt
005 20210922114547.0
008 040401s2004 enka b 001 0 eng
010 _a 2004007789
020 _a1903996457
038 _akhadija
040 _aDLC
_cDLC
_dDLC
042 _apcc
050 0 0 _aQA808
_b.M45 2004
082 0 0 _a531
_222
_bMES
245 0 0 _aMeshfree & particle based approaches in computational mechanics /
_cedited by Piotr Breitkopf & Antonio Huerta.
246 3 _aMeshfree and particle based approaches in computational mechanics
260 _aLondon ;
_aSterling, VA :
_bKogan Page Science,
_c2004.
300 _a176 p. :
_bill. ;
_c25 cm.
504 _aIncludes bibliographical references and index.
505 0 _aAn introduction to moving least squares meshfree methods / Piotr Breitkopf, Alain Rassineux, Pierre Villon -- Locking in the incompressible limit : pseudo-divergence-free element-free Galerkin / Yolanda Vidal & Antonio Huerta, Pierre Villon -- Alternative total Lagrangian formulations for corrected smooth particle hydrodynamics (CSPH) methods in large strain dynamic problems / Javier Bonet & Sivakumar Kulasegaram -- An extended approach to error control in experimental and numerical data smoothing and evaluation using the meshless FDM / Józef Krok -- A meshless approach for 2D vibro-acoustic problems / Philippe Bouillard, Valéry Lacroix & Erik de Bel -- A meshfree method for incompressible fluid flows with incorporated surface tension / Sudarshan Tiwari, Jörg Kuhnert -- On the numerical solution of unsteady fluid flow problems by a meshless method / Tonino Sophy & Hamou Sadat.
563 _ahardcover
650 0 _aMechanics, Analytic
_xData processing.
_982590
650 0 _aMeshfree methods (Numerical analysis)
_982591
700 1 _aBreitkopf, Piotr.
_982589
700 1 _aHuerta, Antonio,
_d1959-
_91941
856 4 1 _3Table of contents
_uhttp://www.loc.gov/catdir/toc/ecip0416/2004007789.html
856 4 2 _3Publisher description
_uhttp://www.loc.gov/catdir/enhancements/fy0704/2004007789-d.html
906 _a7
_bcbc
_corignew
_d1
_eecip
_f20
_gy-gencatlg
942 _2ddc
_cBK
999 _c32457
_d32457